000 00426nam a2200169Ia 4500
008 231217s9999 xx 000 0 und d
020 _a8131406296
041 _aEnglish
082 _a658.4012 GHO;1 R
100 _aGhose, Amitabha ed.
245 0 _aCompetitive intelligence : an introduction
250 _a1st ed.
260 _c2007
_bIcfai
_aHyderabad
300 _aix, 190
650 _aintelligence
942 _cAA
999 _c190028
_d190028